000 00761nam a2200217Ia 4500
005 20241129105940.0
008 241129s9999||||xx |||||||||||||| ||und||
020 _a978-93-5518-019-3
037 _aTB
040 _aARTS
_bhin
_cARTS
041 _ahin
_2hin
084 _aMY225wN68 152R2
_qARTS
100 _aठाकुर, सुन्दर चन्द, ले.
_9156325
245 0 _aखुद से जीत
_cठाकुर, सुन्दर चन्द, ले.
260 _aनई दिल्ली, भारत
_bवाणी प्रकाशन
_c2022
300 _a312पृ0
365 _aINR
_b599
650 _aUseful ArtsPhysical Education
_9726683
942 _cTB
_hMY225wN68 152R2
999 _c1226722
_d1226722